000 00708nam a22002177i 4500
003 URS
005 20260224133247.0
020 _a978-971-610-084-6
040 _cURS
_dURS
050 1 4 _aS 654
_bB2794 2008
100 1 _aBarozzo, Rafael S.
_eauthor
245 1 0 _aPaggawa ng organikong pataba mula sa basura ng bukid at bahay /
_bRafael S. Barrozo
246 2 1 _aOrganic fertilizer production from farm and household wastes
264 1 _a[Quezon City] :
_bIsa-Jecho Publishing, Inc.,
_c2008.
300 _a32 pages ;
_billustrations ;
_g21 cm
336 _atext
_btxt
_2rdacontent
337 _aunmediated
_bn
_2rdamedia
338 _avolume
_bnc
_2rdacarrier
650 0 _aOrganic fertilizers
942 _cF
_2lcc
999 _c98835
_d98832